Handbook of Nonmedical Applications of Liposomes (Record no. 1812495)

MARC details
000 -LEADER
fixed length control field 01537nam a2200289Ia 4500
005 - DATE AND TIME OF LATEST TRANSACTION
control field 20260324141704.0
008 - FIXED-LENGTH DATA ELEMENTS--GENERAL INFORMATION
fixed length control field 008 260324s9999 xx 000 0 eng d
020 ## - INTERNATIONAL STANDARD BOOK NUMBER
International Standard Book Number 9780429291470
037 ## - SOURCE OF ACQUISITION
Stock number EBOOK
040 ## - CATALOGING SOURCE
Original cataloging agency CRL
040 ## - CATALOGING SOURCE
Language of cataloging eng
040 ## - CATALOGING SOURCE
Transcribing agency CRL
041 ## - LANGUAGE CODE
Source of code eng
041 ## - LANGUAGE CODE
Language code of text/sound track or separate title eng
084 ## - COLON CLASSIFICATION NUMBER
Assigning agency CRL
100 ## - MAIN ENTRY--PERSONAL NAME
Personal name Danilo D. Lasic; Yechezkel Barenholz; Gregory Gregoriadis; Leaf Huang; Donald F.H. Wallach; Guy Vanlerberghe; Brigitte Sternberg; Richard Bartha; Raina M. Miller; Marjeta Sentjurc; Abrahm Minsky; Hassan Farhood; Mauro Maccarrone; Luke S. S. Guo; Peter J. Quinn; Patricia Dufour; Alfonso de la Maza; Eliahu Kalmanzon; Shigeo Katoh; Anup K. Singh; Stuart G. Reeves; Rodolfo Ghirlando; Hezi Gershon; Antonello Rossi; Alessandro Fina Agro; Steven F. Perrett; Masaaki Kishimura; Hideki Fukuda; Ruben G. Carbonell; Sui Ti A. Siebert; Ilia Y. Jimenez; Ishan Gursel; Sophia G. Antimisiaris; Philip L. Felgner; Richard A. Durst; Luisa Coderch; Albert M. Manich; Pilar Bosch; J. L. Parra; Ramachandran Radhakrisnan; Ming Man; Jean-Christophe Vuillemard; Edith Laloy; Ronald E. Simard; Violeta Gabrijelcic; N. Emanuel; Eli Kedar; O. Toker; E. Boltonin
9 (RLIN) 1209129
245 #0 - TITLE STATEMENT
Title Handbook of Nonmedical Applications of Liposomes
245 #0 - TITLE STATEMENT
Remainder of title From Gene Delivery and Diagnosis to Ecology
260 ## - PUBLICATION, DISTRIBUTION, ETC.
Name of publisher, distributor, etc. Taylor and Francis
260 ## - PUBLICATION, DISTRIBUTION, ETC.
Date of publication, distribution, etc. 1996
365 ## - TRADE PRICE
Price type code
365 ## - TRADE PRICE
Price amount 360
856 ## - ELECTRONIC LOCATION AND ACCESS
Uniform Resource Identifier <a href="http://www.taylorfrancis.com/books/9780429291470">http://www.taylorfrancis.com/books/9780429291470</a>
942 ## - ADDED ENTRY ELEMENTS (KOHA)
Koha item type eBooks
Holdings
Withdrawn status Lost status Damaged status Not for loan Home library Current library Date acquired Total Checkouts Barcode Date last seen Price effective from Koha item type
        Central Library Central Library 2026-03-24   CL2094654 2026-03-24 2026-03-24 eBooks
Copyright @ Delhi University Library System